[Event "ESP-chT Div I 2018"]
[Site "Linares"]
[Date "2018.08.08"]
[Round "3"]
[White "Bermudez Revuelta, Paula"]
[Black "Vega Gutierrez, Belinda Vidina"]
[Result "1/2-1/2"]
[WhiteElo "1887"]
[BlackElo "2165"]
[Annotator "NA"]
[PlyCount "74"]
[EventDate "2018.08.06"]
[EventType "team-tourn"]
[EventCountry "ESP"]
[SourceTitle "playchess.com"]
[Source "ChessBase"]
[SourceQuality "1"]
[TimeControl "40/5400+30:1800+30"]

1. e4 {[%emt 0:00:00]} e5 {[%emt 0:00:00]} 2. Nf3 {[%emt 0:00:00]} Nc6 {[%emt 0:00:00]} 3. d4 {[%emt 0:00:00]} exd4 {[%emt 0:00:32]} 4. Nxd4 {[%emt 0:00:00]} Bc5 {[%emt 0:02:12]} 5. Nb3 {[%emt 0:00:00]} Bb6 {[%emt 0:00:06]} 6. Nc3 {[%emt 0:00:00]} Nge7 {[%emt 0:00:49]} 7. Qe2 {[%emt 0:00:08]} O-O {[%emt 0:01:07]} 8. Be3 {[%emt 0:00:08]} f5 {[%emt 0:04:15]} 9. f4 {[%emt 0:03:21]} fxe4 {[%emt 0:02:46]} 10. O-O-O {[%emt 0:01:30]} d6 {[%emt 0:10:27]} 11. g3 {[%emt 0:00:59]} Bxe3+ {[%emt 0:08:08]} 12. Qxe3 {[%emt 0:00:07]} Bg4 {[%emt 0:00:06]} 13. Be2 {[%emt 0:07:06]} Nf5 {[%emt 0:10:48]} 14. Qxe4 {[%emt 0:03:45]} Bxe2 {[%emt 0:00:22]} 15. Qxe2 {[%emt 0:03:32]} Re8 {[%emt 0:07:49]} 16. Qf3 {[%emt 0:04:38]} Kh8 {[%emt 0:00:28]} 17. Nd5 {[%emt 0:03:57]} a5 {[%emt 0:02:27]} 18. g4 {[%emt 0:03:20]} Nh4 {[%emt 0:04:18]} 19. Qg3 {[%emt 0:08:22]} Nb4 {[%emt 0:01:50]} 20. a3 {[%emt 0:04:25]} Nxd5 {[%emt 0:05:02]} 21. Rxd5 {[%emt 0:00:14]} c6 {[%emt 0:05:56]} 22. Rxa5 {[%emt 0:13:42]} Rxa5 {[%emt 0:00:07]} 23. Nxa5 {[%emt 0:00:02]} Qxa5 {[%emt 0:01:23]} 24. Qxh4 {[%emt 0:00:03]} Kg8 {[%emt 0:06:10]} 25. Qf2 {[%emt 0:05:26]} Qa4 {[%emt 0:04:41]} 26. h3 {[%emt 0:06:26]} Qc4 {[%emt 0:03:53]} 27. Re1 {[%emt 0:06:10]} Rxe1+ {[%emt 0:00:49]} 28. Qxe1 {[%emt 0:00:01]} Qxf4+ {[%emt 0:00:10]} 29. Kb1 {[%emt 0:00:12]} Kf7 {[%emt 0:00:31]} 30. Qh4 {[%emt 0:03:24]} h6 {[%emt 0:02:10]} 31. Qh5+ {[%emt 0:02:14]} g6 {[%emt 0:01:28]} 32. Qa5 {[%emt 0:00:53]} Ke6 {[%emt 0:06:56]} 33. Qc7 {[%emt 0:01:38]} Qf1+ {[%emt 0:04:22]} 34. Ka2 {[%emt 0:00:02]} Qc4+ {[%emt 0:00:15]} 35. Kb1 {[%emt 0:00:09]} Qf1+ {[%emt 0:01:00]} 36. Ka2 {[%emt 0:00:03]} Qc4+ {[%emt 0:00:06]} 37. Kb1 {[%emt 0:00:14]} Qf1+ {[%emt 0:00:07]} 1/2-1/2

[Event "ESP-chT Div I 2018"]
[Site "Linares"]
[Date "2018.08.09"]
[Round "4"]
[White "Naiditsch, Arkadij"]
[Black "Espinosa Aranda, Angel"]
[Result "1-0"]
[WhiteElo "2711"]
[BlackElo "2451"]
[Annotator "TA"]
[PlyCount "71"]
[EventDate "2018.08.06"]
[EventType "team-tourn"]
[EventCountry "ESP"]
[SourceTitle "playchess.com"]
[Source "ChessBase"]
[SourceQuality "1"]

{[%evp 16,71,36,38,75,75,71,21,19,0,0,13,15,0,0,17,25,0,8,0,11,0,29,32,57,0,0,-8,0,0,22,38,69,61,76,79,158,154,174,155,161,157,199,201,244,245,393,386,329,237,260,200,294,287,419,393,1121,1105]} 1. e4 e6 2. d4 d5 3. Nc3 Nf6 4. Bg5 dxe4 5. Nxe4 Be7 6. Bxf6 gxf6 7. Qd2 a6 {C13: Französische Verteidigung (Klassisches System)} 8. O-O-O f5 9. Ng3 {LiveBook: 3 Partien} Nd7 $146 {[#]Weiß steht etwas besser.} ({Vorgänger:} 9... b5 10. Nh3 h5 11. Be2 Bb7 12. Rhg1 h4 13. Nh5 Nd7 14. N3f4 Rg8 15. Bf3 Bxf3 16. gxf3 {½-½ (74) Vallejo Pons,F (2700)-Poetsch,H (2466) Germany 2013}) 10. Nh5 $1 h6 11. Nh3 {[%cal Bg1h3,Bh3f4,Bf4h5,Bh5g7][%mdl 32]} Nf6 $1 {[%cal Rf6h5]} 12. Be2 Qd6 13. N3f4 Bd7 14. Nxf6+ Bxf6 15. Nh5 Be7 16. Ng7+ Kf8 17. Nh5 Bc6 18. Kb1 Rd8 19. f3 Bg5 20. f4 (20. Qe1 $14) 20... Be7 21. Rhg1 Be4 22. Bf3 Qd5 23. Bxe4 fxe4 24. Qe2 $1 b5 25. g4 Ke8 {[#]} ({Besser ist} 25... f5) 26. f5 $1 $16 {[%mdl 512]} Qc6 (26... exf5 27. Rgf1) 27. fxe6 fxe6 28. Ng3 Rf8 29. Nxe4 Rf4 30. Rge1 b4 (30... Qd5 $142 31. h3 Bh4) 31. Qe3 $18 e5 32. d5 Qb6 33. Qe2 Qb5 (33... Kd7 $142 34. Nd2 Bh4) 34. Qg2 a5 (34... Qb6 {ist eine bessere Verteidigung.} 35. Ng3 Kd7 36. Rxe5 Bd6) 35. g5 hxg5 $2 (35... Qd7 36. gxh6 Qg4) 36. Nxg5 {Precision: Weiß = 78%, Schwarz = 38%.} 1-0

[Event "ESP-chT Div I 2018"]
[Site "Linares"]
[Date "2018.08.09"]
[Round "4"]
[White "Mista, Aleksander"]
[Black "Tejedor Fuente, Enrique"]
[Result "0-1"]
[WhiteElo "2604"]
[BlackElo "2408"]
[Annotator "ChessBase"]
[PlyCount "86"]
[EventDate "2018.08.06"]
[EventType "team-tourn"]
[EventCountry "ESP"]
[SourceTitle "playchess.com"]
[Source "ChessBase"]
[SourceQuality "1"]
[TimeControl "40/5400+30:1800+30"]

1. e4 {[%emt 0:00:00]} c5 {[%emt 0:00:00]} 2. Nf3 {[%emt 0:00:00]} Nc6 {[%emt 0:00:10]} 3. d4 {[%emt 0:00:00]} cxd4 {[%emt 0:00:01]} 4. Nxd4 {[%emt 0:00:00]} Qb6 {[%emt 0:00:23]} 5. Nb3 {[%emt 0:00:12]} Nf6 {[%emt 0:00:20]} 6. Nc3 {[%emt 0:00:15]} e6 {[%emt 0:00:47]} 7. Bd3 {[%emt 0:01:55]} Be7 {[%emt 0:00:58]} 8. f4 {[%emt 0:00:46]} d5 {[%emt 0:07:02]} 9. e5 {[%emt 0:08:59]} Nd7 {[%emt 0:01:05]} 10. Qf3 {[%emt 0:00:51]} a6 {[%emt 0:10:27]} 11. Be3 {[%emt 0:03:46]} Qc7 {[%emt 0:03:57]} 12. Ne2 {[%emt 0:09:28]} b6 {[%emt 0:15:51]} 13. Nbd4 {[%emt 0:03:42]} Nb4 {[%emt 0:07:04]} 14. O-O {[%emt 0:02:32]} Nc5 {[%emt 0:02:21]} 15. Rfd1 {[%emt 0:16:49]} O-O {[%emt 0:02:19]} 16. a3 {[%emt 0:05:56]} Nbxd3 {[%emt 0:06:38]} 17. cxd3 {[%emt 0:00:04]} a5 {[%emt 0:06:46]} 18. Rac1 {[%emt 0:02:48]} Qd7 {[%emt 0:05:42]} 19. b4 {[%emt 0:10:50]} axb4 {[%emt 0:02:40]} 20. axb4 {[%emt 0:00:05]} Na6 {[%emt 0:00:32]} 21. b5 {[%emt 0:10:47]} Nc7 {[%emt 0:00:24]} 22. Rb1 {[%emt 0:06:15]} Bc5 {[%emt 0:09:53]} 23. Qg3 {[%emt 0:00:13]} Kh8 {[%emt 0:01:10]} 24. Rf1 {[%emt 0:00:52]} f5 {[%emt 0:03:06]} 25. exf6 {[%emt 0:01:39]} gxf6 {[%emt 0:01:40]} 26. Kh1 {[%emt 0:02:56]} Bb7 {[%emt 0:02:21]} 27. Bd2 {[%emt 0:02:04]} Ra2 {[%emt 0:00:48]} 28. Bc3 {[%emt 0:00:21]} Rxe2 {[%emt 0:00:33]} 29. Nxe2 {[%emt 0:00:44]} d4 {[%emt 0:00:00]} 30. Nxd4 {[%emt 0:06:34]} Rg8 {[%emt 0:03:37]} 31. Nf5 {[%emt 0:01:24]} Rxg3 {[%emt 0:00:14]} 32. Bxf6+ {[%emt 0:00:16]} Rg7 {[%emt 0:05:54]} 33. Nxg7 {[%emt 0:00:07]} Bd4 {[%emt 0:00:11]} 34. Nh5+ {[%emt 0:01:36]} Bxf6 {[%emt 0:00:11]} 35. Nxf6 {[%emt 0:00:03]} Qxd3 {[%emt 0:01:06]} 36. f5 {[%emt 0:01:24]} Qc2 {[%emt 0:00:47]} 37. Rg1 {[%emt 0:00:10]} Qxf5 {[%emt 0:00:59]} 38. Rbf1 {[%emt 0:00:18]} Qxb5 {[%emt 0:00:30]} 39. Rf2 {[%emt 0:00:06]} Nd5 {[%emt 0:00:29]} 40. Nh5 {[%emt 0:00:04]} Qe8 {[%emt 0:00:28]} 41. Ng3 {[%emt 0:30:22]} Ne3 {[%emt 0:30:19]} 42. h3 {[%emt 0:00:01]} Qg6 {[%emt 0:00:16]} 43. Kh2 {[%emt 0:00:12]} Qh6 {[%emt 0:00:17]} 0-1

[Event "ESP-chT Div I 2018"]
[Site "Linares"]
[Date "2018.08.09"]
[Round "4"]
[White "Martinez Alcantara, Jose Eduardo"]
[Black "Dvirnyy, Danyyil"]
[Result "1-0"]
[WhiteElo "2561"]
[BlackElo "2496"]
[Annotator "ChessBase"]
[PlyCount "131"]
[EventDate "2018.08.06"]
[EventType "team-tourn"]
[EventCountry "ESP"]
[SourceTitle "playchess.com"]
[Source "ChessBase"]
[SourceQuality "1"]
[TimeControl "40/5400+30:1800+30"]

1. e4 {[%emt 0:00:00]} e5 {[%emt 0:00:00]} 2. Nf3 {[%emt 0:00:00]} Nc6 {[%emt 0:00:00]} 3. Bb5 {[%emt 0:00:00]} a6 {[%emt 0:00:18]} 4. Ba4 {[%emt 0:00:00]} Nf6 {[%emt 0:00:23]} 5. O-O {[%emt 0:00:00]} Be7 {[%emt 0:00:20]} 6. Re1 {[%emt 0:00:01]} b5 {[%emt 0:00:08]} 7. Bb3 {[%emt 0:00:06]} d6 {[%emt 0:00:08]} 8. c3 {[%emt 0:00:04]} O-O {[%emt 0:00:12]} 9. h3 {[%emt 0:00:05]} Na5 {[%emt 0:00:30]} 10. Bc2 {[%emt 0:00:07]} c5 {[%emt 0:00:09]} 11. d4 {[%emt 0:03:21]} Nd7 {[%emt 0:00:15]} 12. a4 {[%emt 0:00:23]} b4 {[%emt 0:00:24]} 13. cxb4 {[%emt 0:00:32]} cxb4 {[%emt 0:00:08]} 14. Nbd2 {[%emt 0:00:03]} Bb7 {[%emt 0:03:22]} 15. d5 {[%emt 0:02:26]} Bc8 {[%emt 0:00:42]} 16. Nf1 {[%emt 0:07:35]} Nb7 {[%emt 0:01:43]} 17. Ng3 {[%emt 0:04:18]} g6 {[%emt 0:01:18]} 18. Bh6 {[%emt 0:03:45]} Re8 {[%emt 0:00:45]} 19. Be3 {[%emt 0:08:13]} a5 {[%emt 0:03:10]} 20. Bd3 {[%emt 0:01:15]} Nbc5 {[%emt 0:00:20]} 21. Bb5 {[%emt 0:05:03]} Rf8 {[%emt 0:00:28]} 22. Rc1 {[%emt 0:13:15]} Bf6 {[%emt 0:09:22]} 23. Nd2 {[%emt 0:05:59]} Bg5 {[%emt 0:05:46]} 24. Ngf1 {[%emt 0:13:16]} Bxe3 {[%emt 0:05:18]} 25. Nxe3 {[%emt 0:00:07]} Nf6 {[%emt 0:00:11]} 26. Rxc5 {[%emt 0:03:44]} dxc5 {[%emt 0:00:43]} 27. Nec4 {[%emt 0:00:01]} Qe7 {[%emt 0:05:14]} 28. Nf3 {[%emt 0:00:33]} Nd7 {[%emt 0:16:41]} 29. Bxd7 {[%emt 0:01:18]} Bxd7 {[%emt 0:00:08]} 30. Nfxe5 {[%emt 0:00:31]} Rad8 {[%emt 0:02:07]} 31. b3 {[%emt 0:08:41]} Be8 {[%emt 0:01:23]} 32. Nd3 {[%emt 0:02:04]} f5 {[%emt 0:01:14]} 33. f3 {[%emt 0:09:18]} fxe4 {[%emt 0:04:46]} 34. fxe4 {[%emt 0:00:01]} Qf6 {[%emt 0:00:13]} 35. Nde5 {[%emt 0:02:41]} Qf2+ {[%emt 0:05:14]} 36. Kh1 {[%emt 0:01:13]} g5 {[%emt 0:01:53]} 37. Ng4 {[%emt 0:01:24]} Qh4 {[%emt 0:00:13]} 38. Kh2 {[%emt 0:01:55]} Qh5 {[%emt 0:06:15]} 39. Nce5 {[%emt 0:00:54]} Rd6 {[%emt 0:02:09]} 40. Qc1 {[%emt 0:00:30]} Qh4 {[%emt 0:05:33]} 41. g3 {[%emt 0:31:11]} Qh5 {[%emt 0:30:07]} 42. Qxc5 {[%emt 0:00:16]} Rh6 {[%emt 0:00:45]} 43. Nxh6+ {[%emt 0:00:19]} Qxh6 {[%emt 0:00:05]} 44. Ng4 {[%emt 0:01:52]} Qg6 {[%emt 0:00:45]} 45. e5 {[%emt 0:01:10]} Qd3 {[%emt 0:00:09]} 46. Qe3 {[%emt 0:00:21]} Rf3 {[%emt 0:02:49]} 47. Nf6+ {[%emt 0:01:03]} Kf8 {[%emt 0:00:08]} 48. Qxd3 {[%emt 0:01:19]} Rxd3 {[%emt 0:00:09]} 49. Nxh7+ {[%emt 0:01:09]} Ke7 {[%emt 0:00:08]} 50. Nf6 {[%emt 0:00:02]} Bg6 {[%emt 0:00:20]} 51. h4 {[%emt 0:01:06]} Rxb3 {[%emt 0:01:52]} 52. h5 {[%emt 0:00:20]} Rb2+ {[%emt 0:00:33]} 53. Kh3 {[%emt 0:00:49]} Bf5+ {[%emt 0:00:05]} 54. g4 {[%emt 0:00:09]} Rb3+ {[%emt 0:00:27]} 55. Kh2 {[%emt 0:00:16]} Rb2+ {[%emt 0:00:24]} 56. Kg3 {[%emt 0:00:26]} Rb3+ {[%emt 0:00:53]} 57. Kf2 {[%emt 0:00:12]} Bc2 {[%emt 0:02:36]} 58. h6 {[%emt 0:01:00]} Rh3 {[%emt 0:00:21]} 59. d6+ {[%emt 0:00:26]} Ke6 {[%emt 0:00:13]} 60. d7 {[%emt 0:00:08]} Ke7 {[%emt 0:00:15]} 61. e6 {[%emt 0:00:25]} Bg6 {[%emt 0:01:53]} 62. Nd5+ {[%emt 0:01:10]} Kd8 {[%emt 0:00:06]} 63. Rc1 {[%emt 0:00:19]} Bc2 {[%emt 0:00:38]} 64. Rxc2 {[%emt 0:00:19]} Rh2+ {[%emt 0:00:08]} 65. Kg3 {[%emt 0:00:05]} Rxc2 {[%emt 0:00:05]} 66. h7 {[%emt 0:00:04]} 1-0

[Event "ESP-chT Div I 2018"]
[Site "Linares"]
[Date "2018.08.09"]
[Round "4"]
[White "Pap, Misa"]
[Black "Quesada Perez, Yasser"]
[Result "1-0"]
[WhiteElo "2478"]
[BlackElo "2534"]
[Annotator "TA"]
[PlyCount "117"]
[EventDate "2018.08.06"]
[EventType "team-tourn"]
[EventCountry "ESP"]
[SourceTitle "playchess.com"]
[Source "ChessBase"]
[SourceQuality "1"]

{[%evp 21,117,5,20,5,47,7,7,7,7,0,3,0,3,0,27,31,30,0,32,-11,-7,-12,20,33,15,25,45,0,0,0,0,0,1,0,44,9,10,10,10,0,0,0,0,0,17,21,29,27,25,25,36,19,33,21,20,13,40,40,39,34,19,0,0,0,0,0,25,35,30,39,35,34,85,95,148,92,115,84,81,81,537,533,594,545,6079,6079,5173,5110,2379,2316,29981,29982,29994,29995,29997,29998,29998,29999]} 1. e4 c5 {[%cal Bc7c5,Bc5d4][%mdl 32]} 2. c3 d5 3. exd5 Qxd5 4. d4 g6 5. Nf3 Bg7 6. Na3 cxd4 7. Bc4 {B06: Modern Defence} Qe4+ 8. Be3 Nh6 9. Bd3 Qd5 10. Bc4 Qe4 11. cxd4 O-O {LiveBook: 105 Games} 12. Nb5 {[%cal Ba3b5,Bb5c3,Bc3d5,Bd5c7][%mdl 32] Nc7 is the strong threat.} a6 (12... Nf5 13. Qe2 Nc6 14. O-O Nd6 15. Nc3 Qf5 16. Bb3 Qh5 {½-½ (46) Navara,D (2726)-Guseinov,G (2647) Antalya 2017}) 13. Nc3 Qc6 14. Qb3 $146 ({Predecessor:} 14. Bb3 Bg4 15. Nd5 Qb5 16. Rc1 Qa5+ {½-½ (52) Nikitin,S (1923)-Zimin,A (2227) St Petersburg 2017}) 14... Nf5 15. O-O Nd7 16. Ng5 {[%cal Rc4f7]} Nd6 $1 {[%cal Rd6c4]} 17. Be2 {aiming for Nd5.} Qb6 18. Nd5 Qd8 19. Rac1 Nf6 20. Nc7 Rb8 $1 21. Bxa6 Bg4 22. Bd3 h6 23. h3 {Black must now prevent Nxf7.} Bd7 24. Nf3 (24. Nxf7 $5 Nxf7 25. Bxg6 $14) 24... Bc6 $1 25. Nb5 Nxb5 26. Bxb5 Bxf3 27. gxf3 Qd6 28. Bc4 Nh5 29. Rfd1 Nf4 30. Bxf4 Qxf4 31. Qe3 Qh4 32. f4 Rfd8 33. Bb3 Rd7 34. Rc2 Rbd8 {[%cal Rd7d4]} 35. d5 Qf6 36. Qe4 h5 37. Ba4 Rd6 38. Rc7 e6 {[%cal Rd6d5]} 39. Rxb7 exd5 40. Qf3 Qf5 41. b4 Bh6 42. Bb3 Bxf4 43. Rb5 {[%cal Rb5d5]} Qg5+ 44. Qg2 Qf6 45. Rbxd5 Re8 46. Qf3 $36 {[%mdl 2048] Hoping for Rxd6. White has some pressure.} Rxd5 (46... Bh2+ $14 47. Kg2 Qxf3+ 48. Kxf3 Rf6+ 49. Kg2 Bc7) 47. Rxd5 $16 ({But not} 47. Bxd5 $6 Rc8 $11) ({Reject} 47. Qxd5 $6 Bc7 $11) 47... Re7 ({Black should try} 47... Rc8) 48. Kf1 ({Better is} 48. b5 $1) 48... Qa1+ 49. Qd1 Qc3 {[#]} 50. Qd3 $1 {[%cal Rd3c3]} Qxb4 $2 {[%mdl 8192] [#]} (50... Qf6 $16 {is a better chance.}) 51. Rd4 $1 $18 {White wants to mate with Qxg6+.} Qe1+ 52. Kg2 {White threatens Qxg6+ and mate.} Bc7 53. Qxg6+ $1 Kf8 54. Qh6+ Kg8 55. Qxh5 {Threatening mate with Rg4+.} Qe5 56. Rg4+ {White mates.} Kf8 57. Qh6+ Ke8 58. Rg8+ Kd7 59. Ba4+ {Precision: White = 70%, Black = 44%.} 1-0

[Event "ESP-chT Div I 2018"]
[Site "Linares"]
[Date "2018.08.09"]
[Round "4"]
[White "Cramling, Pia"]
[Black "Bressac, Stephane"]
[Result "0-1"]
[WhiteElo "2453"]
[BlackElo "2341"]
[Annotator "ChessBase"]
[PlyCount "62"]
[EventDate "2018.08.06"]
[EventType "team-tourn"]
[EventCountry "ESP"]
[SourceTitle "playchess.com"]
[Source "ChessBase"]
[SourceQuality "1"]
[TimeControl "40/5400+30:1800+30"]

1. d4 {[%emt 0:00:00]} d6 {[%emt 0:00:00]} 2. Nf3 {[%emt 0:00:09]} Nf6 {[%emt 0:00:11]} 3. c4 {[%emt 0:00:24]} g6 {[%emt 0:00:14]} 4. Nc3 {[%emt 0:00:23]} Nbd7 {[%emt 0:00:08]} 5. e4 {[%emt 0:02:28]} e5 {[%emt 0:00:13]} 6. Be2 {[%emt 0:00:20]} Bg7 {[%emt 0:00:23]} 7. O-O {[%emt 0:00:21]} O-O {[%emt 0:00:09]} 8. Be3 {[%emt 0:00:22]} Qe7 {[%emt 0:01:28]} 9. Qc2 {[%emt 0:01:01]} c6 {[%emt 0:01:03]} 10. Rad1 {[%emt 0:05:52]} exd4 {[%emt 0:12:48]} 11. Bxd4 {[%emt 0:23:06]} Bh6 {[%emt 0:00:33]} 12. Rfe1 {[%emt 0:04:06]} Ne5 {[%emt 0:16:20]} 13. b4 {[%emt 0:06:47]} Nfd7 {[%emt 0:09:14]} 14. Na4 {[%emt 0:07:51]} Re8 {[%emt 0:07:38]} 15. Bc3 {[%emt 0:03:56]} Nxf3+ {[%emt 0:09:55]} 16. Bxf3 {[%emt 0:00:08]} Ne5 {[%emt 0:00:04]} 17. Be2 {[%emt 0:02:29]} Ng4 {[%emt 0:04:35]} 18. g3 {[%emt 0:07:34]} Be6 {[%emt 0:07:21]} 19. Bb2 {[%emt 0:13:17]} Rad8 {[%emt 0:06:08]} 20. Qc3 {[%emt 0:02:15]} f6 {[%emt 0:00:31]} 21. f4 {[%emt 0:01:05]} Bg7 {[%emt 0:11:39]} 22. f5 {[%emt 0:00:37]} Bf7 {[%emt 0:00:03]} 23. Bxg4 {[%emt 0:00:33]} b5 {[%emt 0:00:02]} 24. cxb5 {[%emt 0:08:25]} cxb5 {[%emt 0:00:04]} 25. Nc5 {[%emt 0:01:41]} dxc5 {[%emt 0:00:35]} 26. Qxc5 {[%emt 0:00:34]} Rxd1 {[%emt 0:00:30]} 27. Rxd1 {[%emt 0:00:32]} Qxe4 {[%emt 0:00:55]} 28. Bh3 {[%emt 0:01:56]} Bh6 {[%emt 0:02:32]} 29. Bc1 {[%emt 0:02:32]} Bxc1 {[%emt 0:01:00]} 30. Qxc1 {[%emt 0:02:10]} Bd5 {[%emt 0:00:08]} 31. Rxd5 {[%emt 0:00:23]} Qxd5 0-1

[Event "ESP-chT Div I 2018"]
[Site "Linares"]
[Date "2018.08.09"]
[Round "4"]
[White "Moreno Ruiz, Javier"]
[Black "Rodriguez Fontecha, Marcos"]
[Result "1-0"]
[WhiteElo "2450"]
[BlackElo "2329"]
[Annotator "TA"]
[PlyCount "127"]
[EventDate "2018.08.06"]
[EventType "team-tourn"]
[EventCountry "ESP"]
[SourceTitle "playchess.com"]
[Source "ChessBase"]
[SourceQuality "1"]

{[%evp 10,127,14,0,7,0,1,-6,0,-6,18,15,18,10,35,35,37,37,45,37,37,42,41,44,39,53,72,65,65,36,36,35,29,31,25,0,0,0,0,0,0,0,0,0,0,0,72,26,18,25,87,89,101,96,112,72,75,75,61,0,4,0,0,5,29,63,78,45,45,47,47,47,58,24,95,28,32,39,68,5,6,0,0,8,13,0,68,68,68,68,53,0,6,6,6,13,13,13,27,35,35,35,494,470,12837,12836,12837,0,0,0,12844,12844,12850,12850,12850,29973,12851,29985,12851,29986]} 1. d4 d5 2. c4 c6 3. Nc3 e5 4. e3 exd4 5. Qxd4 Nf6 6. Nf3 {LiveBook: 14 Games. D10: Slav Defence: 3 cxd5 (without early Nf3) and 3 Nc3} Na6 (6... Be7 7. b3 O-O 8. Bb2 Be6 9. Rd1 Qa5 10. Ng5 Nbd7 11. Be2 Bc5 12. Qd2 Rad8 13. O-O Qc7 {½-½ (78) Galkin,A (2600)-Borisek,J (2507) playchess.com INT 2006}) 7. a3 Nc5 {[#] ...Nb3 is the strong threat.} 8. Qd1 $146 {The position is equal.} ({Predecessor:} 8. cxd5 Nb3 9. Qe5+ Qe7 10. Rb1 Qxe5 11. Nxe5 Nxd5 12. Nxd5 cxd5 {0-1 (32) Swicarz,M (2303)-Bronowicki,M (2366) Litomysl 2009}) 8... Be6 9. Nd4 Bg4 10. Be2 Bxe2 11. Qxe2 g6 12. b4 $36 {[%mdl 2048] Black is under pressure.} Nce4 13. Nxe4 dxe4 14. Bb2 Bg7 15. Rd1 Qe7 16. Nb3 O-O 17. O-O Nd7 {[%cal Bf6d7,Bd7b6,Bb6a4][%mdl 32]} 18. Bxg7 Kxg7 19. Qb2+ Kg8 20. Qd4 Rfd8 21. Na5 Nb6 22. Qc5 Qxc5 23. bxc5 Na4 24. Rxd8+ Rxd8 25. Nxb7 $11 {[%mdl 4096] Endgame KRN-KRN} Rd3 26. Ra1 a6 27. g4 Rc3 (27... Rb3 $11 28. Na5 Rb2) 28. Nd6 Nxc5 29. Rb1 $1 Kf8 (29... Rc2 $11 {remains equal.}) 30. Rb6 $16 Rxa3 31. Rxc6 Nd7 32. Nxe4 Ne5 33. Rc8+ Ke7 34. g5 (34. Rc7+ $14 Ke6 35. Ng5+ Kd6 36. Ra7) 34... Ra4 $11 35. Rc7+ Ke6 $1 36. Ra7 Ra1+ (36... Rxc4 $11 37. Rxa6+ Ke7 38. Ra7+ Ke6) 37. Kg2 $14 Nxc4 38. Nc5+ (38. Nf6 {feels hotter.} Ne5 39. Nxh7 Nd7 40. h4 Ra3 41. Kg3) 38... Kd6 $1 {[%cal Rd6c5]} 39. Rxa6+ Rxa6 40. Nxa6 {KN-KN} Ke5 41. Kg3 Nd2 (41... f6 $11) 42. Kg4 ({White should play} 42. h4 $16) 42... f5+ $1 $11 43. gxf6 Kxf6 44. Nc5 (44. h4 $1 $14) 44... h5+ 45. Kg3 g5 46. h3 Kf5 47. f3 h4+ (47... Nc4 $11) 48. Kf2 $14 Nc4 49. Ke2 Ne5 50. e4+ Kf6 51. Nd3 Nc4 $1 52. Kd1 Ke6 53. Kc2 Ne3+ 54. Kc3 Nf1 55. Kd4 {Threatens to win with f4.} Nd2 $2 {[%mdl 8192] [#]} ({Black should try} 55... Kd6 $14) 56. f4 $1 $18 {[%cal Rf4f5]} gxf4 (56... Ke7 $142 57. e5 (57. fxg5 Nf3+ 58. Kd5 Nxg5 $16) 57... gxf4 58. Nxf4 Kd7) 57. Nxf4+ Kf6 58. e5+ $2 (58. Kd5 $18 {And now e5+ would win.} Nf3 59. Ng2) 58... Kf5 $11 59. e6 Kf6 $2 {[%mdl 8192]} (59... Ne4 $11 60. Ng2 Nd6) 60. Kd5 $18 Ke7 61. Ng6+ Ke8 62. Nxh4 Nf1 63. Nf5 Nd2 64. h4 {Precision: White = 56%, Black = 50%.} 1-0

[Event "ESP-chT Div I 2018"]
[Site "Linares"]
[Date "2018.08.09"]
[Round "4"]
[White "Almagro Llamas, Pablo"]
[Black "Gonzalez De La Torre, Santiago"]
[Result "1-0"]
[WhiteElo "2442"]
[BlackElo "2434"]
[Annotator "NA RC"]
[PlyCount "47"]
[EventDate "2018.08.06"]
[EventType "team-tourn"]
[EventCountry "ESP"]
[SourceTitle "playchess.com"]
[Source "ChessBase"]
[SourceQuality "1"]
[TimeControl "40/5400+30:1800+30"]

1. c4 {[%emt 0:00:00]} c6 {[%emt 0:00:00]} 2. d4 {[%emt 0:02:13]} d5 {[%emt 0:00:05]} 3. Nf3 {[%emt 0:00:32]} Nf6 {[%emt 0:00:06]} 4. e3 {[%emt 0:00:38]} e6 {[%emt 0:00:26]} 5. Nbd2 {[%emt 0:00:42]} c5 {[%emt 0:00:09]} 6. a3 {[%emt 0:03:46]} cxd4 {[%emt 0:00:54]} 7. Nxd4 {[%emt 0:00:31]} Nc6 {[%emt 0:02:52]} 8. Nxc6 {[%emt 0:19:06]} bxc6 {[%emt 0:00:48]} 9. Nf3 {[%emt 0:00:15]} Bd6 {[%emt 0:02:58]} 10. b4 {[%emt 0:01:08]} O-O {[%emt 0:00:31]} 11. c5 {[%emt 0:08:06]} Bc7 {[%emt 0:05:59]} 12. Bb2 {[%emt 0:00:59]} Nd7 {[%emt 0:00:45]} 13. Bd3 {[%emt 0:07:53]} f5 {[%emt 0:07:23]} 14. Nd4 {[%emt 0:05:12]} Ne5 {[%emt 0:03:50]} 15. f4 {[%emt 0:02:00]} Ng4 {[%emt 0:19:26]} 16. Nxc6 {[%emt 0:10:59]} Qd7 {[%emt 0:04:17]} 17. b5 {[%emt 0:10:41]} Nxe3 {[%emt 0:00:26]} 18. Qf3 {[%emt 0:00:13]} Bxf4 {[%emt 0:00:25]} 19. Bd4 {[%emt 0:00:22]} Nxg2+ {[%emt 0:08:22]} 20. Qxg2 {[%emt 0:00:17]} e5 {[%emt 0:00:12]} 21. O-O {[%emt 0:02:34]} Bxh2+ {[%emt 0:18:29]} 22. Qxh2 {[%emt 0:07:20]} e4 {[%emt 0:00:10]} 23. Be2 {[%emt 0:01:46]} Qe6 {[%emt 0:04:58]} 24. Qd6 {[%emt 0:02:56]} 1-0